Ως διά μαγείας
Saved in:
| Main Author: | |
|---|---|
| Format: | Book |
| Language: | Greek |
| Published: |
[Αθήνα] :
Πατάκης,
[2006].
|
| Series: | Σύγχρονη λογοτεχνία για παιδιά και για νέους. Συλλογή Περιστέρια ;
v.128 |
| Subjects: | |
| Tags: |
Add Tag
No Tags, Be the first to tag this record!
|
MARC
| LEADER | 00000cam a2200000 i 4500 | ||
|---|---|---|---|
| 001 | 1/40171 | ||
| 008 | 070119s2006 gr | ||| |||| ||gre|| | ||
| 020 | |a 9601622012 | ||
| 035 | |l 10086767 | ||
| 040 | |a GR-MY-UA |b gre |e aacr | ||
| 041 | 0 | |a gre | |
| 082 | 7 | |a 808.899282 |2 (22) | |
| 100 | 1 | |a Παπαγιάννη, Μαρία, |d 1964- | |
| 245 | 1 | 0 | |a Ως διά μαγείας / |c Μαρία Παπαγιάννη. |
| 260 | |a [Αθήνα] : |b Πατάκης, |c [2006]. | ||
| 300 | |a 220 σ. ; |c 21 εκ. | ||
| 490 | 1 | |a (Συγχρονη λογοτεχνία για παιδιά και για νέους. Συλλογή περιστέρια ; |v vol.128) | |
| 650 | 0 | 0 | |a Children's literature. |
| 650 | 0 | 0 | |a Children's stories, Greek (Modern) |
| 650 | 0 | 0 | |a Children |x Fiction. |
| 830 | 0 | |a Σύγχρονη λογοτεχνία για παιδιά και για νέους. |p Συλλογή Περιστέρια ; |v v.128 | |
| 852 | |a INST |b RHODES |e 20070119 |h 808.899282 ΠΑΠ |p 005400027134 |q 005400027134 |t BK |y 0 | ||
| 901 | |a BIBL4-2007-1 | ||
| 909 | |a Ρ |b 127559 | ||
| 970 | |a ΜΙΣΣΟΣ |b ΣΤΑΥΡΟΣ |z 2007/01/19 | ||